London tender prices 25% higher than national average (Record no. 72172)
[ view plain ]
| 000 -LEADER | |
|---|---|
| fixed length control field | 01421cam a2200217 4500 |
| 001 - CONTROL NUMBER | |
| control field | WB3908-03 |
| 008 - FIXED-LENGTH DATA ELEMENTS--GENERAL INFORMATION | |
| fixed length control field | 030227n2003 000 0 eng u |
| 035 ## - SYSTEM CONTROL NUMBER | |
| System control number | (Sirsi) u121451 |
| 245 ## - TITLE STATEMENT | |
| Title | London tender prices 25% higher than national average |
| 260 ## - PUBLICATION, DISTRIBUTION, ETC. | |
| Date of publication, distribution, etc. | 2003 |
| 490 ## - SERIES STATEMENT | |
| Series statement | BCIS Press Release |
| Volume/sequential designation | March 2003 (3) |
| 520 ## - SUMMARY, ETC. | |
| Summary, etc. | The latest BCIS "Study of pricing adjustment factors" demonstrates significant variation in construction tender prices throughout the UK. Location is not the only consideration as differences in size and type of contract, type of work and building size and function also need to be taken into account and are included in this survey. The study forms part of the BCIS "Surveys of tender prices", which also includes an update of the "Tender price index", the "Contract percentages study", the "Study of average £/m squared prices" and "Functional prices". Map. The "Study of pricing adjustment factors" is available as part of the BCIS subscription service or individual copies may be purchased at £95 each. The information is also available on the BCIS "Online" Service. Further information is obtainable from Peter Rumble t +44 (0)20 7695 1500 or [email protected] BCIS website http://www.bcis.co.uk/. |
| 590 ## - LOCAL NOTE (RLIN) | |
| Local note | WB |
| 650 ## - SUBJECT ADDED ENTRY--TOPICAL TERM | |
| Topical term or geographic name entry element | TENDERS |
| 650 ## - SUBJECT ADDED ENTRY--TOPICAL TERM | |
| Topical term or geographic name entry element | BCIS |
| 650 ## - SUBJECT ADDED ENTRY--TOPICAL TERM | |
| Topical term or geographic name entry element | BCIS |
| 650 ## - SUBJECT ADDED ENTRY--TOPICAL TERM | |
| Topical term or geographic name entry element | PRELIMINARIES |
| 650 ## - SUBJECT ADDED ENTRY--TOPICAL TERM | |
| Topical term or geographic name entry element | TENDERING |
| 690 ## - LOCAL SUBJECT ADDED ENTRY--TOPICAL TERM (OCLC, RLIN) | |
| Topical term or geographic name as entry element | BUILT ENVIRONMENT |
| 942 ## - ADDED ENTRY ELEMENTS (KOHA) | |
| Suppress in OPAC | 0 |
| Withdrawn status | Lost status | Source of classification or shelving scheme | Damaged status | Not for loan | Home library | Current library | Shelving location | Date acquired | Total Checkouts | Full call number | Barcode | Date last seen | Copy number | Price effective from | Koha item type |
|---|---|---|---|---|---|---|---|---|---|---|---|---|---|---|---|
| Dewey Decimal Classification | London | London | News article | 27/02/2003 | WB3908-03 | 121451-1001 | 06/08/2019 | 1 | 06/08/2019 | News article |